[Event "RUS-ch Men Rapid 2019"]
[Site "Sochi"]
[Date "2019.10.15"]
[Round "1.1"]
[White "Ponkratov, Pavel"]
[Black "Shemyakin, Valeriy"]
[Result "1-0"]
[WhiteElo "2674"]
[BlackElo "2128"]
[Annotator "TA"]
[PlyCount "103"]
[EventDate "2019.10.15"]
[EventType "swiss"]
[EventCountry "RUS"]
[SourceTitle "playchess.com"]
[Source "ChessBase"]
[SourceQuality "1"]

{[%evp 15,103,71,91,64,71,86,78,56,69,57,81,36,65,53,86,58,102,83,74,89,93,80,76,65,80,55,59,65,66,60,72,55,62,59,84,54,77,82,71,71,87,42,45,46,53,22,22,38,22,0,0,0,0,0,27,19,24,20,73,63,152,153,187,145,131,134,127,92,228,223,267,147,159,105,257,237,236,217,499,482,618,606,646,635,29977,29972,2116,662,1875,1862]} 1. e4 d5 2. exd5 Qxd5 3. Nc3 Qa5 4. d4 Nf6 5. Nf3 Bg4 6. h3 Bxf3 7. Qxf3 c6 8. Bd2 e6 9. Ne4 {B01: Scandinavian Defence} (9. Qg3 Qd8 10. O-O-O Nbd7 11. f4 g6 12. Qf3 Bb4 13. g4 Nd5 14. Ne4 Bxd2+ 15. Rxd2 Qe7 16. c4 N5f6 17. Nc3 O-O-O 18. g5 Ne8 19. d5 cxd5 20. cxd5 Nb6 21. Qe3 Nc7 22. Kb1 Kb8 23. Be2 Ncxd5 {½-½ (23) Nominerdene,D (2303)-Kosic,D (2487) Novi Sad 2015}) 9... Qd8 10. Nxf6+ Qxf6 11. Qxf6 {White is better.} (11. Qb3 {seems wilder.} Qe7 12. c3 Qc7 13. Bf4 Qb6 14. Qc2) 11... gxf6 12. O-O-O Nd7 13. f4 $146 ({Predecessor:} 13. g4 O-O-O 14. Be3 Nb6 15. c4 Bg7 16. Be2 Rd7 {1-0 (43) Ratert,M (1828)-Broemmel,C (1798) Germany 2016}) 13... Bd6 14. f5 e5 15. Bh6 Ke7 16. d5 cxd5 17. Rxd5 Nb6 18. Rd1 Bc5 19. Be2 Rhd8 20. Bf3 (20. g4 {with more complications.} Bf2 21. Kb1 Rac8 22. Bd2 Nc4 23. Bb4+) 20... Rxd1+ 21. Rxd1 Rb8 22. b3 {[%cal Bb2b3,Bb3b4][%mdl 32]} Nc8 23. c3 Nd6 24. g4 b5 25. b4 Bf2 26. Kc2 Rc8 27. Kb3 Nc4 28. Rd5 a6 29. Rd3 Rc7 30. Bc1 Nb6 31. Be2 Be1 32. Rf3 Nd5 {[%cal Rd5c3]} 33. c4 bxc4+ 34. Bxc4 {[%mdl 64] [#] Double Attack} Nb6 35. Rf1 Bxb4 36. Bxa6 Bc5 (36... Bd6 $1 $11 {keeps the balance.}) 37. a4 $16 Bd4 ({Black should play} 37... Nd7 $14) 38. Ba3+ Kd7 {Threatening ...Rc3+.} 39. Rc1 Rxc1 40. Bxc1 {[%mdl 4096] Endgame KBB-KBN} Nd5 41. Bc4 Nf4 (41... Kc6 $16) 42. h4 $18 Ng2 43. h5 (43. Bxf7 $18 e4 44. Bd5) 43... Ne3 44. Be2 ({White should try} 44. Bxf7 {Strongly threatening Be6+.} Nxg4 45. Bg8) 44... Ng2 $2 (44... e4 $16 {was necessary.}) 45. a5 {[%cal Ba4a5,Ba5a6][%mdl 32]} Kc7 46. Bf3 Nf4 $2 (46... Ne3 {was worth a try.} 47. Ka4 Nc4) 47. Kc4 Bf2 48. Ba3 Be1 49. Kb5 {[#] Threatens to win with a6.} Nd3 50. a6 Bf2 51. Be7 (51. Be4 $142 Nc1 52. Bxc1) 51... Ne1 52. Be4 {Accuracy: White = 47%, Black = 38%.} 1-0

[Event "RUS-ch Men Rapid 2019"]
[Site "Sochi"]
[Date "2019.10.15"]
[Round "1.2"]
[White "Oganyan, Arsen"]
[Black "Bocharov, Dmitry"]
[Result "0-1"]
[WhiteElo "2118"]
[BlackElo "2673"]
[Annotator "TA"]
[PlyCount "122"]
[EventDate "2019.10.15"]
[EventType "swiss"]
[EventCountry "RUS"]
[SourceTitle "playchess.com"]
[Source "ChessBase"]
[SourceQuality "1"]

{[%evp 13,122,-8,-8,-21,-19,-28,3,-12,11,-70,-22,-45,-37,-39,25,-2,17,17,20,10,12,13,12,12,34,10,37,0,0,0,0,0,0,0,0,0,6,3,0,-51,-51,-47,-57,-61,-68,-66,-60,-56,-58,-51,-56,-94,-91,-119,-99,-206,-193,-314,-314,-295,-245,-220,-236,-278,-277,-275,-265,-258,-259,-429,-500,-492,-492,-477,-490,-501,-486,-489,-481,-486,-487,-485,-441,-368,-185,-480,-479,-481,-446,-503,-402,-487,-386,-1161,-901,-2896,-2662,-2293,-1965,-2039,-1747,-12797,-12799,-6394,-10055,-12116,-11450,-29978,-29979,-29993,-5497]} 1. d4 Nf6 2. c4 e6 3. Nf3 b6 4. a3 c5 5. dxc5 bxc5 6. g3 Bb7 7. Bg2 Be7 8. O-O {E17: Queen's Indian: 4 g3 Bb7 5 Bg2 Be7} O-O 9. Nc3 (9. Qc2 Qb6 10. Nc3 d6 11. Rd1 Rd8 12. Bf4 a6 13. Rd2 Nbd7 14. Rad1 e5 15. Bg5 h6 16. Bxf6 Nxf6 {½-½ (67) Grabinsky,V (2265)-Dabrowska,K (2208) Warsaw 2015}) 9... Nc6 10. Bf4 {The position is equal.} Qb6 $146 ({Predecessor:} 10... Na5 11. b3 d5 12. cxd5 Nxd5 13. Nxd5 Bxd5 14. Nd2 g5 15. Be5 Bxg2 16. Kxg2 {0-1 (33) Faraci,L-Crapulli,G ICCF email 2016}) 11. Nb5 (11. Rb1 $11) 11... d6 12. Qc2 (12. Nxd6 $2 Rad8 $19) 12... Rfd8 13. Rfd1 {[%cal Rf4d6] [#]} Ne8 (13... Nd4 $1 $15 {[%mdl 512]} 14. Nbxd4 (14. Nfxd4 cxd4 15. Bxb7 Qxb7 $17) 14... cxd4) 14. Rab1 (14. b4 {looks sharper.} cxb4 15. Ng5 Bxg5 16. Bxg5 Rd7 17. Be3) 14... e5 (14... a6 $5 15. Nc3 $8 a5 $11) 15. Bg5 h6 $1 {[%cal Rh6g5]} 16. Bxe7 Nxe7 17. Nc3 a5 18. Nh4 Rab8 19. b3 Bc8 20. Nd5 Nxd5 21. Bxd5 Nf6 22. Bg2 Be6 23. Nf5 {Hoping for Ne7+.} Bxf5 24. Qxf5 Qa6 25. h4 Rb6 26. g4 (26. e3 $11) 26... Qc8 $15 27. Qxc8 Rxc8 28. g5 hxg5 29. hxg5 Nh7 $1 30. g6 fxg6 31. Be4 Kf7 32. Bd5+ Ke7 33. Rd3 Nf6 34. Bg2 {[#]} (34. Rg3 $17) 34... a4 $1 $19 {[%mdl 512]} 35. Rg3 (35. b4 {was necessary.}) (35. bxa4 Rxb1+) 35... Rcb8 36. Rxg6 Kf7 ({Not} 36... axb3 37. Rxg7+ Kf8 38. Ra7 $17) 37. Rg3 Rxb3 38. Rd1 Rxg3 39. fxg3 {[%mdl 4096] Endgame KRB-KRN} Ke7 40. Bc6 Rb3 41. Rd3 $2 (41. Ra1) 41... e4 42. Bxa4 exd3 43. Bxb3 {KB-KN} d2 44. Kf2 Ng4+ 45. Kf3 Ne5+ 46. Ke3 {[#]} Nxc4+ $1 {[%mdl 512]} 47. Kd3 (47. Bxc4 d1=Q) 47... Nxa3 48. Kxd2 Nb5 (48... Kf6 $142 49. e3 Ke5) 49. e3 $2 (49. Ke3) 49... Kf6 50. Kd3 Ke5 51. Bd1 Nc7 52. Bf3 Nd5 53. Bh1 $2 (53. Kd2 Nf6 54. g4) 53... Nf6 54. Bf3 d5 55. g4 Ne4 56. Ke2 c4 {[%cal Bc5c4,Bc4c3][%mdl 32]} 57. Kd1 d4 58. exd4+ Kxd4 59. Ke2 g5 60. Bg2 c3 61. Ke1 Ke5 {Accuracy: White = 31%, Black = 66%.} (61... c2 $142 62. Bxe4 c1=Q+ 63. Kf2 Kxe4 64. Kg2 Qe1 65. Kh3 Kf3 66. Kh2 Qg3+ {[%mdl 64] Double Attack} 67. Kh1 Qg2#) 0-1

[Event "RUS-ch Men Rapid 2019"]
[Site "Sochi"]
[Date "2019.10.15"]
[Round "1.3"]
[White "Tsydypov, Zhamsaran"]
[Black "Esipenko, Aleksandr"]
[Result "1-0"]
[WhiteElo "2671"]
[BlackElo "2117"]
[Annotator "RC"]
[PlyCount "75"]
[EventDate "2019.10.15"]
[EventType "swiss"]
[EventCountry "RUS"]
[SourceTitle "playchess.com"]
[Source "ChessBase"]
[SourceQuality "1"]
[TimeControl "900+10"]

1. c4 {[%emt 0:00:00]} e5 {[%emt 0:00:00]} 2. g3 {[%emt 0:00:00]} Nc6 {[%emt 0:00:00]} 3. Bg2 {[%emt 0:00:00]} g6 {[%emt 0:00:00]} 4. Nc3 {[%emt 0:00:02]} Bg7 {[%emt 0:00:03]} 5. e3 {[%emt 0:00:02]} Nge7 {[%emt 0:00:04]} 6. Nge2 {[%emt 0:00:02]} O-O {[%emt 0:00:06]} 7. O-O {[%emt 0:00:03]} d6 {[%emt 0:00:05]} 8. d3 {[%emt 0:00:10]} Be6 {[%emt 0:00:16]} 9. Nd5 {[%emt 0:00:03]} Qd7 {[%emt 0:00:08]} 10. Nec3 {[%emt 0:00:15]} a6 {[%emt 0:01:23]} 11. Qa4 {[%emt 0:00:09]} Rab8 {[%emt 0:03:00]} 12. Rb1 {[%emt 0:01:08]} Rfc8 {[%emt 0:01:46]} 13. b4 {[%emt 0:00:41]} Kh8 {[%emt 0:02:15]} 14. Re1 {[%emt 0:00:28]} Bh3 {[%emt 0:00:55]} 15. Bxh3 {[%emt 0:00:28]} Qxh3 {[%emt 0:00:10]} 16. b5 {[%emt 0:00:01]} axb5 {[%emt 0:00:04]} 17. cxb5 {[%emt 0:00:03]} Ra8 {[%emt 0:00:21]} 18. Qc2 {[%emt 0:01:22]} Nxd5 {[%emt 0:00:32]} 19. Nxd5 {[%emt 0:00:02]} Na5 {[%emt 0:00:29]} 20. Bd2 {[%emt 0:00:58]} b6 {[%emt 0:00:19]} 21. Ne7 {[%emt 0:00:10]} Re8 {[%emt 0:00:02]} 22. Qxc7 {[%emt 0:00:27]} Qe6 {[%emt 0:00:09]} 23. Qxb6 {[%emt 0:01:03]} Reb8 {[%emt 0:00:49]} 24. Qc7 {[%emt 0:00:43]} Rb7 {[%emt 0:00:08]} 25. Bxa5 {[%emt 0:00:22]} Rxc7 {[%emt 0:00:16]} 26. Bxc7 {[%emt 0:00:01]} Qxe7 27. b6 Re8 {[%emt 0:00:17]} 28. Rec1 {[%emt 0:00:07]} h5 {[%emt 0:00:09]} 29. b7 {[%emt 0:00:04]} h4 {[%emt 0:00:15]} 30. Bxd6 {[%emt 0:02:00]} Qe6 {[%emt 0:00:24]} 31. Rc8 {[%emt 0:00:10]} Rxc8 {[%emt 0:03:51]} 32. bxc8=Q+ {[%emt 0:00:12]} Qxc8 {[%emt 0:00:02]} 33. Rb8 {[%emt 0:00:05]} Qxb8 {[%emt 0:00:03]} 34. Bxb8 {[%emt 0:00:02]} hxg3 {[%emt 0:00:02]} 35. hxg3 {[%emt 0:00:01]} Bf8 {[%emt 0:00:49]} 36. Bxe5+ {[%emt 0:00:18]} Kg8 {[%emt 0:00:00]} 37. a4 {[%emt 0:00:12]} Bb4 {[%emt 0:00:15]} 38. Bc7 {[%emt 0:00:11]} 1-0

[Event "RUS-ch Men Rapid 2019"]
[Site "Sochi"]
[Date "2019.10.15"]
[Round "1.4"]
[White "Sibriaev, Aleksandr"]
[Black "Antipov, Mikhail Al."]
[Result "0-1"]
[WhiteElo "2117"]
[BlackElo "2658"]
[Annotator "RC"]
[PlyCount "80"]
[EventDate "2019.10.15"]
[EventType "swiss"]
[EventCountry "RUS"]
[SourceTitle "playchess.com"]
[Source "ChessBase"]
[SourceQuality "1"]
[TimeControl "900+10"]

1. d4 {[%emt 0:00:03]} Nf6 {[%emt 0:00:01]} 2. Bg5 {[%emt 0:00:11]} e6 3. Nf3 c5 4. c3 h6 5. Bh4 cxd4 6. cxd4 Qa5+ 7. Nbd2 d5 8. Bxf6 gxf6 9. e3 Bd7 10. Be2 Ba4 11. b3 Bb5 12. O-O Bxe2 13. Qxe2 Qa6 14. Qxa6 Nxa6 15. a3 Kd7 16. Rfc1 Nc7 17. Ne1 a5 18. Nd3 a4 19. Nc5+ Bxc5 20. Rxc5 axb3 21. Nxb3 b6 22. Rc2 Ra4 23. Nd2 Rha8 24. Rac1 R8a7 25. Rb2 b5 26. Nb1 Rc4 27. Rd1 Kc6 28. Kf1 Ne8 29. Ke2 Nd6 30. Kd3 e5 31. dxe5 fxe5 32. Ke2 f6 33. Rbd2 Rc5 34. f3 Nc4 35. Rc2 Nxa3 36. Rxc5+ Kxc5 37. Nc3 b4 38. Nxd5 Nb5 39. Nxf6 Nc3+ 40. Kd2 Ra2+ 0-1

[Event "RUS-ch Men Rapid 2019"]
[Site "Sochi"]
[Date "2019.10.15"]
[Round "1.5"]
[White "Shimanov, Aleksandr"]
[Black "Denisenko, Denis"]
[Result "1-0"]
[WhiteElo "2653"]
[BlackElo "2117"]
[Annotator "TA"]
[PlyCount "103"]
[EventDate "2019.10.15"]
[EventType "swiss"]
[EventCountry "RUS"]
[SourceTitle "playchess.com"]
[Source "ChessBase"]
[SourceQuality "1"]

{[%evp 20,103,28,6,15,-21,-19,-13,-25,-13,-7,-11,-22,-17,13,24,21,19,43,-12,-12,-17,35,33,34,14,17,27,28,6,35,0,0,0,0,0,21,33,23,8,5,10,26,34,31,27,31,25,38,10,19,7,18,21,37,29,22,0,0,0,8,4,25,25,98,10,9,8,7,0,3,8,22,0,170,147,184,176,549,545,541,534,541,541,4714,1908]} 1. e4 e5 2. Nf3 Nf6 3. Nxe5 d6 4. Nf3 Nxe4 5. Qe2 Qe7 6. d3 Nf6 7. Bg5 Qxe2+ 8. Bxe2 Be7 9. Nc3 c6 10. O-O-O Na6 {[%cal Bb8a6,Ba6c7,Bc7d5][%mdl 32]} 11. h3 Nc7 {C42: Petroff Defence: 3 Nxe5 and unusual White 3rd moves} 12. d4 (12. Rde1 Bd7 13. Bd1 Ne6 14. Bd2 O-O-O 15. Ng5 Rhf8 16. f4 Rde8 17. Nf3 Nc7 18. Ne2 Bd8 19. g4 {½-½ (52) Bruzon Batista,L (2664)-Dragun,K (2578) Burlingame 2019}) 12... Be6 $146 ({Predecessor:} 12... h6 13. Bd2 Be6 {½-½ (14) Varga,Z (2444)-Stohl,I (2503) Slovakia 2018}) 13. Bd3 $1 h6 {The position is equal.} 14. Bd2 Ncd5 15. Ne2 b5 16. Nh4 Ne4 17. Bxe4 {[#] Threatens to win with Nf5.} Bxh4 18. g3 Be7 19. g4 (19. Nf4 $14) 19... Kd7 $11 20. f4 f6 (20... Nb6 $11) 21. Ng3 $14 g5 22. fxg5 fxg5 23. Rde1 Raf8 24. c3 Nf4 25. Kc2 (25. Bxf4 $5 gxf4 26. Nf5 Bxf5 27. Bxf5+ Kd8 28. Re6 $14) 25... d5 26. Bf5 Bxf5+ 27. Nxf5 Bd6 28. Bxf4 gxf4 29. Nh4 {Hoping for Ng6.} Rhg8 30. Nf3 Re8 31. Kd3 a5 32. Rxe8 Rxe8 {[%mdl 4096] Endgame KRB-KRN} 33. Re1 Rg8 34. b3 Rg7 35. c4 bxc4+ 36. bxc4 dxc4+ 37. Kxc4 Rg8 38. Rb1 Re8 $1 39. Re1 Rb8 40. Re2 Rb4+ 41. Kd3 Rb1 (41... Ra4 $11 {keeps the balance.}) 42. Ke4 ({White should try} 42. h4 $16) 42... a4 $11 43. h4 a3 44. h5 Rb2 45. Kd3 Rb1 46. Rh2 Ke6 $2 {[#]} (46... Rb8 $11 {and Black is okay.}) 47. g5 $1 $18 {[%cal Rg5h6]} hxg5 {White must now prevent ...g4.} 48. h6 Rb8 $2 (48... Bf8) 49. h7 {White is clearly winning.} g4 {intending ...Rh8.} 50. Ng5+ Kf5 51. Ne4 g3 52. Nxd6+ {Accuracy: White = 50%, Black = 46%.} (52. h8=Q $142 Rxh8 53. Nxd6+ Ke6 54. Rxh8) 1-0

[Event "RUS-ch Men Rapid 2019"]
[Site "Sochi"]
[Date "2019.10.15"]
[Round "1.6"]
[White "Eremeev, Mikhail"]
[Black "Timofeev, Artyom"]
[Result "0-1"]
[WhiteElo "2111"]
[BlackElo "2648"]
[Annotator "TA"]
[PlyCount "56"]
[EventDate "2019.10.15"]
[EventType "swiss"]
[EventCountry "RUS"]
[SourceTitle "playchess.com"]
[Source "ChessBase"]
[SourceQuality "1"]

{[%evp 9,55,27,21,27,22,18,26,26,57,50,43,27,37,-22,31,34,33,26,54,62,143,106,116,53,53,40,57,0,0,20,43,28,54,0,0,0,0,-221,-222,-248,-232,-218,-159,-175,-170,-239,-54,-29999]} 1. d4 Nf6 2. Bf4 c5 3. d5 (3. e3 g6 4. c3 b6 5. Na3 Bb7 6. Nf3 Bg7 7. Nb5 Nd5 8. Be5 Bxe5 9. dxe5 Nc7 10. Na3 Nc6 11. h4 {½-½ (41) Kravtsiv,M (2628)-Saric,I (2681) Konya 2019}) 3... d6 4. Nc3 Bf5 5. f3 e5 $146 ({Predecessor:} 5... Qb6 6. e4 Bg6 7. Qd2 Nbd7 8. Nh3 a6 9. Be2 Rb8 10. Rb1 e5 11. dxe6 fxe6 {1-0 (23) Hobber,A (2268)-Liu,C (1898) Ballerup 2018}) 6. dxe6 {A45: Trompowsky Attack} Bxe6 7. e4 Be7 8. Qd2 {White has an edge.} O-O 9. O-O-O Nc6 10. g4 Nd4 11. Nce2 (11. Kb1 $14) 11... Bxa2 (11... Nxe2+ $11 12. Nxe2 d5) 12. Nxd4 $14 cxd4 13. Ne2 d3 14. Qxd3 Qa5 ({Black should try} 14... d5 $14) 15. Bd2 Qc5 16. Nd4 ({Better is} 16. Nc3 $16 Be6 17. Be3) 16... Rfc8 17. Nf5 Bf8 18. Bc3 d5 19. e5 Nd7 20. f4 Qb6 21. Bg2 (21. Nd6 $1 $14) 21... Nc5 $1 $11 {[%cal Rc5d3]} 22. Qd4 Qa6 23. Rhe1 $2 {[#]} (23. e6 $11 {and White stays safe.} Nxe6 24. Nh6+ Kh8 25. Nxf7+ Kg8 26. Nh6+ (26. Bxd5 Rxc3 27. Bxa2 Rxc2+ 28. Kxc2 Qxa2 $17) 26... Kh8 27. Nf7+ (27. Bxd5 Rxc3 28. Nf7+ Kg8 $17) 27... Kg8 28. Nh6+ (28. Bxd5 Rxc3 29. Bxa2 Rxc2+ 30. Kxc2 Qxa2 $17) 28... Kh8 29. Nf7+ (29. Bxd5 Rxc3 30. Nf7+ Kg8 $17)) 23... Ne6 $19 24. Qf2 Bc5 25. Nd4 Bc4 26. f5 Nxd4 27. Bxd4 (27. Rxd4 {was necessary.} b5 28. b4 Qa3+ {[%mdl 64] Double Attack} 29. Bb2 Bxd4 30. Qxd4 Qxb4 31. Re3) 27... Bb4 $2 (27... Bxd4 $19 28. Rxd4 Bb3) 28. Re3 $2 {[%mdl 8192] [#]} (28. c3 $15) 28... Qa1# {Accuracy: White = 46%, Black = 44%.} 0-1

[Event "RUS-ch Men Rapid 2019"]
[Site "Sochi"]
[Date "2019.10.15"]
[Round "1.7"]
[White "Kokarev, Dmitry"]
[Black "Pervakov, Sergey"]
[Result "1-0"]
[WhiteElo "2647"]
[BlackElo "2107"]
[Annotator "RC"]
[PlyCount "61"]
[EventDate "2019.10.15"]
[EventType "swiss"]
[EventCountry "RUS"]
[SourceTitle "playchess.com"]
[Source "ChessBase"]
[SourceQuality "1"]
[TimeControl "900+10"]

1. g3 {[%emt 0:00:05]} Nf6 {[%emt 0:00:19]} 2. Bg2 {[%emt 0:00:13]} g6 {[%emt 0:00:13]} 3. e4 {[%emt 0:00:13]} d6 {[%emt 0:00:15]} 4. d4 {[%emt 0:00:12]} Bg7 {[%emt 0:00:34]} 5. Nc3 {[%emt 0:00:14]} O-O {[%emt 0:01:31]} 6. Nge2 {[%emt 0:00:00]} e5 {[%emt 0:00:00]} 7. h3 {[%emt 0:00:00]} c6 {[%emt 0:00:00]} 8. a4 {[%emt 0:00:00]} a5 {[%emt 0:00:00]} 9. O-O {[%emt 0:00:01]} Be6 {[%emt 0:00:10]} 10. b3 {[%emt 0:00:22]} Na6 {[%emt 0:01:35]} 11. Bg5 {[%emt 0:00:16]} h6 {[%emt 0:02:25]} 12. Be3 {[%emt 0:00:03]} Nb4 {[%emt 0:01:03]} 13. Qd2 {[%emt 0:00:20]} d5 {[%emt 0:02:22]} 14. Bxh6 {[%emt 0:01:41]} dxe4 {[%emt 0:02:50]} 15. Rad1 {[%emt 0:00:59]} exd4 {[%emt 0:00:45]} 16. Nxd4 {[%emt 0:00:09]} Bd5 {[%emt 0:01:06]} 17. g4 {[%emt 0:01:06]} Re8 {[%emt 0:00:12]} 18. Bxg7 {[%emt 0:00:04]} Kxg7 {[%emt 0:00:02]} 19. Qg5 {[%emt 0:00:05]} Nd7 {[%emt 0:01:15]} 20. Nf5+ {[%emt 0:00:09]} Kg8 {[%emt 0:00:19]} 21. Qxd8 {[%emt 0:00:03]} Raxd8 {[%emt 0:00:35]} 22. Nd6 {[%emt 0:01:04]} Re6 {[%emt 0:00:14]} 23. Ndxe4 {[%emt 0:00:06]} Rde8 {[%emt 0:00:39]} 24. Nxd5 {[%emt 0:00:14]} cxd5 {[%emt 0:00:21]} 25. Ng5 {[%emt 0:00:05]} Re5 {[%emt 0:00:12]} 26. c3 {[%emt 0:00:35]} Nc6 {[%emt 0:00:08]} 27. Nf3 {[%emt 0:00:37]} Re2 {[%emt 0:00:03]} 28. Rxd5 {[%emt 0:00:06]} Nf6 {[%emt 0:00:12]} 29. Rb5 {[%emt 0:00:03]} R8e7 {[%emt 0:00:18]} 30. Nd4 {[%emt 0:00:13]} Nxd4 {[%emt 0:00:07]} 31. cxd4 {[%emt 0:00:03]} 1-0

[Event "RUS-ch Men Rapid 2019"]
[Site "Sochi"]
[Date "2019.10.15"]
[Round "1.8"]
[White "Gimadutdinov, Ilnur"]
[Black "Grachev, Boris"]
[Result "0-1"]
[WhiteElo "2105"]
[BlackElo "2641"]
[Annotator "TA"]
[PlyCount "68"]
[EventDate "2019.10.15"]
[EventType "swiss"]
[EventCountry "RUS"]
[SourceTitle "playchess.com"]
[Source "ChessBase"]
[SourceQuality "1"]

{[%evp 9,68,-7,0,-13,-18,-52,-29,-27,-24,-26,-25,-22,-21,-24,13,7,8,-19,-18,-24,-18,-47,-57,-31,-9,-66,-20,-49,-35,-54,-12,-16,-8,-66,0,-45,-37,-52,-44,-45,-45,-45,0,-69,-67,-109,-45,-108,-121,-154,-162,-225,-231,-486,-458,-485,-473,-455,-454,-858,-848]} 1. e4 c5 2. Nc3 a6 3. f4 b5 {[%cal Bb7b5,Bb5b4][%mdl 32]} 4. Nf3 Bb7 5. d3 e6 6. a4 {B23: Closed Sicilian: Lines without g3} (6. g3 Nf6 7. Bg2 d6 8. O-O Qc7 9. h3 Be7 10. a4 b4 11. Ne2 h5 12. b3 Nbd7 13. Bb2 a5 14. Kh1 e5 15. Nd2 {1-0 (36) Amonatov,F (2636)-Korobov,A (2652) Riadh 2017}) 6... b4 7. Ne2 d5 8. e5 {Black has an edge.} Nh6 9. Ng3 Nc6 10. Be2 g6 $146 ({Predecessor:} 10... f6 11. O-O Nf7 12. Re1 fxe5 13. Nxe5 Ncxe5 14. fxe5 {0-1 (79) Mongescu,V (2005)-Banzea,A (2258) Calimanesti Caciulata 2016}) 11. O-O Nf5 12. Nxf5 gxf5 13. c3 d4 14. c4 Be7 15. Bd2 Kd7 16. Be1 Qf8 17. Nd2 (17. Bh4 $11) 17... Qh6 (17... h5 $5) 18. Bf3 Kc7 19. Nb3 Rag8 20. Bg3 Qf8 21. Qe1 ({Better is} 21. Qe2 $11) 21... Qd8 (21... Nd8 $15) 22. Qe2 (22. Bh5 $5 {[%cal Rh5f7]}) 22... Rg7 23. Kf2 Kb6 24. a5+ Kc7 25. Ke1 Qa8 26. Kd2 ({White should try} 26. Qf2 $11) 26... Nd8 $15 27. Rg1 Rhg8 (27... Bxf3 $17 28. Qxf3 Qxf3 29. gxf3 Rhg8) 28. Bxb7 (28. Bh5 $1 $15) 28... Qxb7 $17 29. Kc2 {[#]} Rg4 $1 30. Qf3 (30. Rad1 $142) 30... h5 $19 31. Bf2 $2 (31. Qxb7+ Kxb7 32. Raf1) 31... Rxg2 {Black is clearly winning.} 32. Qxb7+ Nxb7 33. Nd2 R8g6 34. Bg3 {[#]} (34. Rxg2 $142 Rxg2 35. Rf1) 34... b3+ $1 {[%mdl 512] Accuracy: White = 26%, Black = 60%.} 0-1

[Event "RUS-ch Men Rapid 2019"]
[Site "Sochi"]
[Date "2019.10.15"]
[Round "1.9"]
[White "Popov, Valerij"]
[Black "Navrodskiy, Boris"]
[Result "0-1"]
[WhiteElo "2625"]
[BlackElo "2105"]
[Annotator "TA"]
[PlyCount "73"]
[EventDate "2019.10.15"]
[EventType "swiss"]
[EventCountry "RUS"]
[SourceTitle "playchess.com"]
[Source "ChessBase"]
[SourceQuality "1"]

{[%evp 16,73,19,19,65,45,44,26,33,32,12,13,9,11,29,-19,0,-55,-59,-52,-52,-37,16,16,89,18,15,29,31,20,20,18,40,6,13,6,6,3,25,24,28,28,41,24,47,21,11,15,372,380,639,658,657,658,641,642,639,625,590,586]} 1. c4 e6 2. g3 d5 3. Bg2 Nf6 4. Nf3 Be7 5. O-O Nbd7 6. b3 c5 7. Bb2 O-O 8. cxd5 Nxd5 9. d4 Bf6 {A14: English Opening: 1...e6 with b3 by White} (9... b6 10. e4 N5f6 11. d5 exd5 12. e5 Ba6 13. exf6 Bxf6 14. Nc3 Bxf1 15. Bxf1 Nb8 16. Rb1 d4 17. Ne4 {1-0 (49) Martinez Duany,L (2513)-Elias Reyes,J (2362) Matanzas 2017}) 10. e4 Nb4 11. e5 $146 ({Predecessor:} 11. a3 Nc6 12. e5 Be7 13. Nbd2 cxd4 14. Re1 Nc5 15. Ne4 d3 16. b4 Nxe4 17. Rxe4 {1-0 (25) Andres Gonzalez,A (2410)-Vega Viejo,M (2120) Oviedo 2006}) 11... Be7 {White has an edge.} 12. Nc3 cxd4 13. Nb5 d3 14. a3 Nc2 15. Ra2 (15. Rc1 $5 {[%cal Rd1d3]} Nc5 16. Nd6 $1 $11 {[%mdl 512]}) 15... Nc5 16. Nbd4 (16. b4 $11 Na4 17. Nd6 Nxb2 18. Rxb2 Bxd6 19. exd6) 16... Nxd4 $15 17. Bxd4 a5 18. Rd2 Qb6 ({Black should play} 18... b6 $15) 19. Rxd3 $11 {[%mdl 64] Pin} Qa6 {[#]} (19... Qb5 $1 $11 20. Rc3 b6) 20. Rc3 (20. Bxc5 $1 $16 Bxc5 21. a4) 20... b6 $1 21. b4 axb4 22. axb4 Na4 23. Rc7 Ra7 24. Rxa7 (24. b5 {is interesting.} Qa5 25. Rxa7 Qxa7 26. Be3 Nc3 27. Qd3) 24... Qxa7 25. Qb3 {Black must now prevent Ra1.} Qd7 26. Rd1 {Hoping for b5.} b5 27. Be3 Qc7 $1 28. Rc1 $36 {[%mdl 2048] White fights for an advantage.} Qb8 29. Nd4 {Strongly threatening Nc6.} Bb7 30. Bxb7 Qxb7 31. Nc6 {Qd3 is the strong threat.} Bd8 $2 {[%mdl 8192] [#]} (31... Ra8 $11) 32. Qd3 $1 $18 Bb6 $2 (32... Be7 33. Nxe7+ {[%mdl 64] Overworked Piece} Qxe7 34. Qxb5 Ra8) 33. Qxb5 {White is clearly winning.} Ra8 34. Ra1 Qa6 35. Qxa6 Rxa6 36. Bxb6 {[%mdl 64] Overworked Piece} Rxb6 37. Rxa4 {[%mdl 32768] Accuracy: White = 53%, Black = 42%. . Loss on time!?} 0-1